Zhodnotenie vplyvu nákladov na výsledok hospodárenia bakalárska práca

Saved in:
Bibliographic Details
Main Author: Matiscsák, Michal
Corporate Author: Podnikovohospodárska fakulta EU so sídlom v Košiciach. Katedra účtovníctva a financií
Other Authors: Kostková, Albína, 1951-
Format: Book
Language:Slovak
Published: Košice 2012
Tags: Add Tag
No Tags, Be the first to tag this record!

MARC

LEADER 00000nbm a2200000 4500
001 0155643
005 20161109111906.4
041 0 |a slo 
044 |a SK 
245 1 0 |a Zhodnotenie vplyvu nákladov na výsledok hospodárenia  |b bakalárska práca  |c Michal Matiscsák ; školiteľ: Albína Kostková 
264 1 |a Košice  |c 2012 
300 |a 47 s. 
100 1 |a Matiscsák, Michal 
700 1 |a Kostková, Albína, 1951- 
710 2 |a Podnikovohospodárska fakulta EU so sídlom v Košiciach. Katedra účtovníctva a financií